| 000 | 00557nam a22001577a 4500 | ||
|---|---|---|---|
| 020 | _qHard Cover. | ||
| 082 | _a570.2AGH | ||
| 100 | _aMehrosh Agha. | ||
| 245 |
_aIntegrated molecular modelling and machine learning strategies for the design of potential therapeutic agents against Neuroblastoma / _cAgha, Mehrosh |
||
| 260 |
_aIslamabad: _bRCMS-NUST, _c2021. |
||
| 300 |
_a83 p. : _bill. ; _c30cm. |
||
| 650 |
_aMS-Bioinformatic. _986332 |
||
| 700 |
_aDr. Ishrat Jabeen _986333 |
||
| 942 |
_2ddc _cTHE |
||
| 999 |
_c587288 _d587288 |
||